UM Logo

Plant blindness and children's recognition of plants as living things : (Record no. 17992)

MARC details
000 -LEADER
fixed length control field 00884nam a22002297a 4500
003 - CONTROL NUMBER IDENTIFIER
control field OSt
005 - DATE AND TIME OF LATEST TRANSACTION
control field 20230323154900.0
008 - FIXED-LENGTH DATA ELEMENTS--GENERAL INFORMATION
fixed length control field 230323b ||||| |||| 00| 0 eng d
040 ## - CATALOGING SOURCE
Transcribing agency 0
082 ## - DEWEY DECIMAL CLASSIFICATION NUMBER
Classification number DPer 570 J826 2021 v55 no. 1-5
100 ## - MAIN ENTRY--PERSONAL NAME
Personal name Amprazis, Alexandros.
Relator term author.
9 (RLIN) 48051
245 ## - TITLE STATEMENT
Title Plant blindness and children's recognition of plants as living things :
Remainder of title a research in the primary school context /
Statement of responsibility, etc. Alexandros Amprazis, Penelope Papapoulou, and George Malandrakis
260 ## - PUBLICATION, DISTRIBUTION, ETC. (IMPRINT)
Place of publication, distribution, etc. United Kingdom,
Name of publisher, distributor, etc. Taylor & Francis Group,
Date of publication, distribution, etc. April 2021.
300 ## - PHYSICAL DESCRIPTION
Extent volume 55, pages 139-154, illustration.
650 ## - SUBJECT ADDED ENTRY--TOPICAL TERM
Topical term or geographic name as entry element Biology.
9 (RLIN) 48052
650 ## - SUBJECT ADDED ENTRY--TOPICAL TERM
Topical term or geographic name as entry element Education.
9 (RLIN) 48053
650 ## - SUBJECT ADDED ENTRY--TOPICAL TERM
Topical term or geographic name as entry element Plants.
9 (RLIN) 48054
700 ## - ADDED ENTRY--PERSONAL NAME
Personal name Amprazis, Alexandros.
Relator term author.
9 (RLIN) 48051
700 ## - ADDED ENTRY--PERSONAL NAME
Personal name Papapoulou, Penelope.
Relator term author.
9 (RLIN) 48055
700 ## - ADDED ENTRY--PERSONAL NAME
Personal name Malandrakis, George.
Relator term author.
9 (RLIN) 48056
942 ## - ADDED ENTRY ELEMENTS (KOHA)
Source of classification or shelving scheme Dewey Decimal Classification
Koha item type Periodicals
Holdings
Withdrawn status Lost status Source of classification or shelving scheme Damaged status Not for loan Collection code Home library Current library Date acquired Total Checkouts Full call number Date last seen Price effective from Koha item type Public note
    Dewey Decimal Classification     Periodicals UM Digos College - LIC UM Digos College - LIC 03/23/2023   DPer 570 J826 2021 v55 no. 1-5 03/23/2023 03/23/2023 Periodicals Periodical Article